|
|
|
|
| LEADER |
00000nas a2200000 a 4500 |
| 001 |
ssj0000401230 |
| 003 |
WaSeSS |
| 005 |
20200512172242.0 |
| 006 |
m d |
| 007 |
cr n |
| 008 |
080725c20049999flufr p s 0 a0eng |
| 010 |
|
|
|a 2008213199
|
| 022 |
|
|
|l 1943-4820
|y 1943-4820
|
| 035 |
|
|
|a (WaSeSS)ssj0000401230
|
| 037 |
|
|
|b Martha Sale, College of Business, Florida Institute of Technology, 150 West University Blvd., Melbourne, FL 32901
|c $50.00
|
| 040 |
|
|
|a DLC
|b eng
|c DLC
|d DLC
|d OCoLC
|d WaSeSS
|
| 042 |
|
|
|a nsdp
|a pcc
|
| 050 |
0 |
0 |
|a HD45
|b .I84
|
| 082 |
1 |
0 |
|a 650
|2 14
|
| 222 |
|
0 |
|a Issues in innovation
|
| 245 |
0 |
0 |
|a Issues in innovation
|h [electronic resource] /
|c Innovation Congress.
|
| 260 |
|
|
|a Melbourne, FL :
|b Innovation Congress
|
| 310 |
|
|
|a Semiannual
|
| 362 |
1 |
|
|a Began with vol. 1 in 2004.
|
| 506 |
|
|
|a License restrictions may limit access.
|
| 588 |
|
|
|a Description based on: Vol. 2, issue 1 (spring 2008); title from cover.
|
| 650 |
|
0 |
|a Technological innovations
|v Periodicals.
|
| 650 |
|
0 |
|a Operations research
|v Periodicals.
|
| 650 |
|
0 |
|a Organizational change
|v Periodicals.
|
| 655 |
|
0 |
|a Electronic journals.
|
| 710 |
2 |
|
|a Innovation Congress.
|
| 856 |
4 |
0 |
|z Full text available from Research Library: 04/01/2008 to 04/30/2010
|u https://search.proquest.com/publication/52077
|